[Event "Titled Tue 27th May Late"]
[Site "chess.com INT"]
[Date "2025.05.27"]
[Round "8"]
[White "Fascio Outerbridge, Arno Augusto"]
[Black "Povshednyi, Ivan"]
[Result "0-1"]
[WhiteTitle "CM"]
[BlackTitle "FM"]
[WhiteElo "2060"]
[BlackElo "2320"]
[WhiteFideId "6610862"]
[BlackFideId "14190907"]
[EventDate "2025.05.27"]

1. Nf3 d5 2. d4 e6 3. g3 Nf6 4. Bg2 b6 5. O-O Bb7 6. c4 dxc4 7. Qa4+ Nbd7 8.
Qxc4 c5 9. Nc3 Rc8 10. Bg5 Be7 11. Rfd1 O-O 12. dxc5 Qe8 13. Qa4 Nxc5 14. Qxa7
h6 15. Bxf6 Bxf6 16. Qxb6 Qe7 17. Qd6 Qxd6 18. Rxd6 Bxc3 19. bxc3 Ne4 20. Rb6
Bd5 21. Nd4 Nxc3 22. Bxd5 Nxd5 23. Rb2 Rc4 24. Nf3 Ra4 25. Rb7 Rfa8 26. Ne5 f6
27. Nc6 Rxa2 28. Rxa2 Rxa2 29. e3 Kf8 30. Nd8 Ra6 31. Rb8 Ke7 32. Nb7 Rb6 33.
Rg8 Kf7 34. Rb8 Kg6 35. h4 h5 36. Kg2 Nb4 37. Kf3 e5 38. Kg2 Nd3 39. Kf3 Nc5 40.
Nxc5 Rxb8 41. Ne4 Rb2 42. Kg2 Rc2 43. Nd6 Rd2 44. Ne4 Rd1 45. Nc3 Rd8 46. Ne2
Ra8 47. Ng1 Kf7 48. Nf3 g6 49. Nd2 Ke6 50. Nc4 Ra6 51. Nd2 Ra4 52. Nf3 e4 53.
Nd2 Kd5 54. Kf1 Ra1+ 55. Kg2 Ra2 56. Nf1 Re2 57. Nh2 g5 58. Nf1 gxh4 59. gxh4
Ra2 60. Ng3 Ke5 61. Nxh5 f5 62. Nf4 Ra8 63. Kg3 Rg8+ 64. Kh3 Kf6 65. Nd5+ Ke5
66. Nf4 Rg1 67. Ng2 Kf6 68. Kg3 Rh1 69. Nf4 Rg1+ 70. Ng2 Rb1 71. Nf4 Rb8 72. Ng2
Rg8+ 73. Kh3 Rh8 74. Nf4 Rh7 75. Kg3 Ke5 76. Ng6+ Kf6 77. Nf4 Rh6 78. Kh3 Ke5
79. Kg3 Ra6 80. Ng2 Ra2 81. Nf4 Rc2 82. Ng2 Rc1 83. Nf4 Rf1 84. Kg2 Rd1 85. Kg3
Rg1+ 86. Kh2 Rg4 87. Kh3 Rxf4 88. exf4+ Kxf4 89. h5 Kg5 90. h6 Kxh6 91. Kg3 Kg5
92. f3 f4+ 93. Kf2 e3+ 94. Ke2 Kh4 95. Kd3 Kg3 96. Ke4 e2 0-1

[Event "Titled Tue 27th May Late"]
[Site "chess.com INT"]
[Date "2025.05.27"]
[Round "8"]
[White "Przybylski, Wojciech"]
[Black "Brozynski, Patryk"]
[Result "1-0"]
[WhiteTitle "FM"]
[BlackTitle "CM"]
[WhiteElo "2340"]
[BlackElo "2219"]
[WhiteFideId "1117599"]
[BlackFideId "2512700"]
[EventDate "2025.05.27"]

1. e4 c5 2. Nc3 e6 3. f4 Nc6 4. Nf3 d5 5. Bb5 dxe4 6. Nxe4 Nf6 7. Nxf6+ gxf6 8.
Bxc6+ bxc6 9. O-O Bd6 10. d3 Bb7 11. f5 Qc7 12. fxe6 fxe6 13. Qe2 Qe7 14. Nd2
O-O-O 15. Ne4 f5 16. Nxd6+ Qxd6 17. Bf4 Qd5 18. Rae1 Rde8 19. Qe5 Qxe5 20. Rxe5
Rhg8 21. Rxc5 Rg4 22. g3 h5 23. h4 Reg8 24. Kf2 Rd8 25. Re1 Kd7 26. Ree5 Re8 27.
Ra5 a6 28. Rac5 Rgg8 29. a4 Rb8 30. a5 Rbc8 31. b4 Ke7 32. Ke3 Kf7 33. Kd2 Rgd8
34. c3 Rd5 35. c4 Rd4 36. Kc3 Rcd8 37. Re3 R4d7 38. Be5 Rg8 39. d4 Rgd8 40. Rd3
Ke7 41. Bf4 Kf7 42. Re5 Re8 43. Re1 Rc8 44. Bg5 Re8 45. Rde3 Ba8 46. Bf4 Bb7 47.
Be5 Red8 48. Rf1 Rg8 49. Re2 Rdd8 50. Ref2 Rd7 51. Rf4 Rdd8 52. R4f2 Rd7 53. Rb2
Rc8 54. Re1 Rdd8 55. Bf4 Rd7 56. Bg5 Rd6 57. Re5 Rd7 58. Rbe2 Re8 59. Bf4 Rde7
60. R5e3 Rd7 61. Be5 Rc8 62. Rf2 Re8 63. Kb3 Rc8 64. Rf1 Re8 65. Rfe1 Rc8 66.
Kc3 Re8 67. Bf4 Rdd8 68. Rb1 Rd7 69. b5 cxb5 70. cxb5 Rc8+ 71. Kd2 Rxd4+ 72. Ke1
Be4 73. Ra1 axb5 74. a6 Ra4 75. Rea3 Bc6 76. a7 Ra8 77. Bb8 Bd5 78. Rxa4 bxa4
79. Rxa4 Ke7 80. Kd2 Kd7 81. Ke3 Kc6 82. Kd4 Kb7 83. Ke5 Kc6 84. Ra6+ Kb7 85.
Rxe6 Bxe6 86. Kxe6 f4 87. gxf4 Kc6 88. f5 Kc5 89. Ke5 Kc6 90. Ke6 Rxb8 91.
axb8=N+ Kc7 92. Na6+ Kd8 93. Nc5 Ke8 94. Ne4 Kf8 95. Ng3 Kg7 96. Nxh5+ Kf8 97.
Nf4 Kg8 98. f6 Kf8 99. Ng6+ Kg8 100. f7+ Kh7 101. Ne5 Kg7 102. Ke7 Kh7 103. Nd3
Kg7 104. Nc1 Kh7 105. f8=Q Kg6 106. Qf6+ Kh7 107. Qg5 Kh8 108. h5 Kh7 109. h6
Kh8 110. Qg7# 1-0

[Event "Titled Tue 27th May Late"]
[Site "chess.com INT"]
[Date "2025.05.27"]
[Round "8"]
[White "Kislinsky, Alexey"]
[Black "Kukhmazov, Arsen"]
[Result "1/2-1/2"]
[WhiteTitle "GM"]
[BlackTitle "IM"]
[WhiteElo "2350"]
[BlackElo "2467"]
[WhiteFideId "14108801"]
[BlackFideId "24108260"]
[EventDate "2025.05.27"]

1. d4 d5 2. c4 c6 3. e3 Nf6 4. Bd3 g6 5. Nc3 Bg7 6. Nge2 O-O 7. O-O Nbd7 8. cxd5
cxd5 9. Qb3 Nb8 10. Bd2 Nc6 11. Nf4 e6 12. Rfc1 Bd7 13. Na4 b6 14. Bb5 Rc8 15.
Ba6 Rc7 16. Rc2 Ne4 17. Be1 Nb8 18. Bd3 Rxc2 19. Qxc2 Nd6 20. Bb4 Bc6 21. Rc1
Qd7 22. Nc3 Rc8 23. h3 Bb7 24. Qb1 Nc6 25. Ba3 Na5 26. b3 Nc6 27. Nb5 Ne8 28.
Rc2 a6 29. Nc3 b5 30. Bc5 Nf6 31. b4 Ne7 32. a4 bxa4 33. Ra2 Ne4 34. Nxa4 Qe8
35. Nb6 Nc3 36. Qb2 Nxa2 37. Nxc8 Nxc8 38. Qxa2 Qc6 39. Qa5 Bf6 40. b5 Qd7 41.
bxa6 Ba8 42. Bb5 Qd8 43. Qa4 Qc7 44. a7 Bd8 45. Qa6 Nb6 46. Nd3 Kg7 47. Ne5 Nc8
48. Nd7 Be7 49. Bxe7 Nxe7 50. Nb6 Qc1+ 51. Kh2 Qc7+ 52. g3 Qd8 53. Nxa8 Qxa8 54.
Qb6 Nc8 55. Qb8 Qxa7 56. Qxc8 Qa2 57. Kg2 Qb1 58. Be8 Qe4+ 59. Kg1 Qb1+ 60. Kg2
Qe4+ 61. f3 Qxe3 62. Qc2 Qxd4 63. Bb5 Qf6 64. Bf1 h5 65. h4 Qe5 66. f4 Qd4 67.
Be2 Qe3 68. Bf3 d4 69. Be2 e5 70. fxe5 Qxe5 71. Qd3 Qf6 72. Bf3 Qe5 73. Be4 Qf6
74. Bf3 Qe5 75. Qe4 Qc5 76. Be2 Qd6 77. Bd3 Qf6 78. Qe2 Qc6+ 79. Qf3 Qd6 80. Qf4
Qd5+ 81. Qe4 Qd6 82. Kf3 Qf6+ 83. Qf4 Qc6+ 84. Qe4 Qf6+ 85. Ke2 Qb6 86. Qe5+ Kg8
87. Qe8+ Kg7 88. Qe5+ Kg8 89. Kf3 Qc6+ 90. Qe4 Qf6+ 91. Kg2 Kg7 92. g4 hxg4 93.
Qxg4 Qe5 94. Qf3 Qd6 95. Bc4 Qf6 96. Qxf6+ Kxf6 97. Kf3 Kg7 98. Bd3 f6 99. Kf4
g5+ 100. hxg5 fxg5+ 101. Kxg5 Kh8 102. Kf4 Kg7 103. Ke4 Kh8 104. Kxd4 1/2-1/2

[Event "Titled Tue 27th May Late"]
[Site "chess.com INT"]
[Date "2025.05.27"]
[Round "8"]
[White "Demchenko, Yaroslav"]
[Black "George, Kevin"]
[Result "1/2-1/2"]
[WhiteTitle "CM"]
[BlackTitle "IM"]
[WhiteElo "2286"]
[BlackElo "2301"]
[WhiteFideId "14186667"]
[BlackFideId "10669515"]
[EventDate "2025.05.27"]

1. Nf3 Nf6 2. b3 g6 3. Bb2 Bg7 4. d4 O-O 5. e3 d6 6. Be2 Nbd7 7. O-O e5 8. dxe5
Ng4 9. c4 Ngxe5 10. Nxe5 Nxe5 11. Nc3 Re8 12. Qd2 Be6 13. h3 Qe7 14. f4 Nd7 15.
Bf3 Rab8 16. e4 a5 17. Rae1 Qh4 18. Nb5 Bxb2 19. Qxb2 Qxf4 20. Nxc7 Re7 21. Nb5
Ne5 22. Qc3 Qg3 23. Qxa5 Bxh3 24. Qd2 Rbe8 25. Qf2 Qxf2+ 26. Kxf2 Nd3+ 27. Kg3
Nxe1 28. Rxe1 Bd7 29. Nxd6 Rb8 30. c5 Bc6 31. b4 Rd8 32. b5 Be8 33. a4 b6 34. e5
bxc5 35. Ne4 c4 36. Rc1 Rd4 37. Nd6 Rxe5 38. Nxc4 Rc5 39. b6 Rcxc4 40. b7 Rb4
41. Rc8 Kf8 42. b8=Q Rxb8 43. Rxb8 Ke7 44. a5 Ra4 45. Ra8 Bd7 46. Ra7 Kd6 47.
Be2 Ra3+ 48. Kf2 f5 49. a6 h5 50. Ra8 h4 51. Rg8 Bc6 52. Rxg6+ Kc5 53. Rg5 Kb6
54. Rxf5 h3 55. gxh3 Rxh3 56. Rf6 Rh2+ 57. Ke3 Rh3+ 58. Kd4 Ra3 59. Bd3 Ra4+ 60.
Kc3 Kc5 61. Rh6 Ra3+ 62. Kd2 Bd5 63. Rh5 Ra2+ 64. Ke3 Kd6 65. Rh6+ Kc5 66. Rh5
Kd6 67. Be2 Ra3+ 68. Kd2 Ra2+ 69. Ke1 Bc6 70. Rh6+ Kc5 71. Kf1 Be4 72. Kf2 Bd3
73. Re6 Bxe2 74. Rxe2 Rxa6 75. Re3 Rf6+ 76. Rf3 Re6 77. Re3 Ra6 78. Rc3+ Kd4 79.
Rf3 Ra2+ 80. Kg3 Ra1 81. Rf2 Ke3 82. Rf8 Rg1+ 83. Kh2 Rg7 84. Rf6 Ke4 85. Rf8
Rg5 86. Kh3 Ra5 87. Kg2 Ra2+ 88. Kg3 Ra1 89. Kg4 Rg1+ 90. Kh3 Ke5 91. Kh4 Ke6
92. Kh3 Ke7 93. Rf2 Rg7 94. Re2+ Kf6 95. Rf2+ Ke5 96. Kh4 Rg1 97. Kh3 Rg8 98.
Kh4 Ke4 99. Rf7 Rh8+ 100. Kg3 Rg8+ 101. Kf2 Rg4 102. Ke2 Rh4 103. Kd2 Rh3 104.
Re7+ Kd4 105. Rd7+ Kc4 106. Rc7+ Kb4 107. Rb7+ Kc4 108. Rc7+ Kb5 109. Rb7+ Kc6
110. Rg7 Kc5 111. Rc7+ Kd4 112. Rd7+ Ke5 113. Re7+ Kf6 114. Ra7 Kf5 115. Ra5+
Ke4 116. Ra4+ Kd5 117. Ra5+ Kc4 118. Ra4+ Kb3 119. Rg4 Rh2+ 120. Kd3 Rh1 121.
Kd4 Rd1+ 122. Kc5 Kc3 123. Rg3+ Kd2 124. Rg2+ Ke3 1/2-1/2

[Event "Titled Tue 27th May Late"]
[Site "chess.com INT"]
[Date "2025.05.27"]
[Round "9"]
[White "Mei, Austin"]
[Black "Navoyan, Gagik"]
[Result "0-1"]
[WhiteTitle "FM"]
[BlackTitle "CM"]
[WhiteElo "2280"]
[BlackElo "2186"]
[WhiteFideId "30948479"]
[BlackFideId "13314866"]
[EventDate "2025.05.27"]

1. e4 e5 2. Nf3 Nc6 3. Bc4 Nf6 4. Ng5 d5 5. exd5 Na5 6. Bb5+ c6 7. dxc6 bxc6 8.
Bd3 Ng4 9. Ne4 f5 10. Ng3 Bc5 11. O-O Qh4 12. Re1 Bxf2+ 13. Kf1 Bxe1 14. Qxe1 f4
15. Ne4 Nxh2+ 16. Ke2 Bg4# 0-1

[Event "Titled Tue 27th May Late"]
[Site "chess.com INT"]
[Date "2025.05.27"]
[Round "9"]
[White "Maglioni, Leonardo"]
[Black "Garbuz, Vitaliy"]
[Result "0-1"]
[BlackTitle "CM"]
[WhiteElo "2069"]
[BlackElo "2224"]
[WhiteFideId "2896830"]
[BlackFideId "12990710"]
[EventDate "2025.05.27"]

1. d4 d5 2. Bf4 c5 3. c3 Nc6 4. e3 Qb6 5. Qb3 c4 6. Qxb6 axb6 7. e4 Nf6 8. Nd2
b5 9. g3 dxe4 10. Bg2 Bf5 11. h3 h6 12. g4 Bh7 13. Ne2 e6 14. Ng3 Nd5 15. Be3 f5
16. gxf5 exf5 17. Ne2 Bd6 18. Nf1 f4 0-1

[Event "Titled Tue 27th May Late"]
[Site "chess.com INT"]
[Date "2025.05.27"]
[Round "9"]
[White "Metin, Enis"]
[Black "Andrade, Ivan"]
[Result "1-0"]
[BlackTitle "FM"]
[WhiteElo "2169"]
[BlackElo "2161"]
[WhiteFideId "26306948"]
[BlackFideId "14800039"]
[EventDate "2025.05.27"]

1. e4 c5 2. Nf3 d6 3. d4 cxd4 4. Nxd4 Nf6 5. Nc3 a6 6. Bg5 e6 7. f4 Be7 8. Qf3
Qc7 9. O-O-O Nbd7 10. Bd3 b5 11. Rhe1 Bb7 12. Nd5 exd5 13. Nf5 Kf8 14. exd5 Bd8
15. Qg3 h6 16. Bxh6 Nh5 17. Qxg7+ Nxg7 18. Bxg7+ Kg8 19. Re8+ Kh7 20. Rxh8+ Kg6
21. Rh6# 1-0

[Event "Titled Tue 27th May Late"]
[Site "chess.com INT"]
[Date "2025.05.27"]
[Round "9"]
[White "Dominguez, Ramiro"]
[Black "Fascio Outerbridge, Arno Augusto"]
[Result "1-0"]
[WhiteTitle "FM"]
[BlackTitle "CM"]
[WhiteElo "2185"]
[BlackElo "2060"]
[WhiteFideId "4420055"]
[BlackFideId "6610862"]
[EventDate "2025.05.27"]

1. e4 c5 2. Ne2 d6 3. g3 Nf6 4. Bg2 g6 5. c3 Bg7 6. d4 cxd4 7. cxd4 O-O 8. O-O
d5 9. e5 Ne4 10. f3 Nc6 11. fxe4 dxe4 12. Be3 Bg4 13. Nbc3 b5 14. Bxe4 b4 15.
Bxc6 Rc8 16. Bf3 Bh3 17. Ne4 f5 18. Ng5 Bxf1 19. Qxf1 Qd7 20. Nf4 Rc2 21. Bd5+
Kh8 22. Nf7+ Rxf7 23. Bxf7 Qc6 24. Rc1 1-0

[Event "Titled Tue 27th May Late"]
[Site "chess.com INT"]
[Date "2025.05.27"]
[Round "9"]
[White "Garzon Zapatanga, Christopher Leonel"]
[Black "Pereyra, Horacio"]
[Result "1-0"]
[WhiteTitle "FM"]
[WhiteElo "2168"]
[BlackElo "2133"]
[WhiteFideId "3634787"]
[BlackFideId "113700"]
[EventDate "2025.05.27"]

1. b3 b6 2. Bb2 Bb7 3. e3 d6 4. Nf3 Nd7 5. Be2 e5 6. d4 exd4 7. Bxd4 Ngf6 8. O-O
Be7 9. Nbd2 O-O 10. c4 Re8 11. Qc2 Nf8 12. Rfd1 Ne6 13. Bb2 Qc8 14. Nf1 Nc5 15.
Ng3 Nce4 16. Bd3 Nxf2 17. Qxf2 Ng4 18. Qd2 Bh4 19. Nxh4 Nxe3 20. Re1 Ng4 21. Bf5
Qd8 22. Nf3 Nh6 23. Bxg7 Nxf5 24. Nxf5 Bxf3 25. gxf3 Re5 26. Bxe5 dxe5 27. Qg2+ 1-0

[Event "Titled Tue 27th May Late"]
[Site "chess.com INT"]
[Date "2025.05.27"]
[Round "9"]
[White "Sjugirov, Sanan"]
[Black "Kosakowski, Jakub"]
[Result "1-0"]
[WhiteTitle "GM"]
[BlackTitle "GM"]
[WhiteElo "2638"]
[BlackElo "2530"]
[WhiteFideId "4189302"]
[BlackFideId "1185080"]
[EventDate "2025.05.27"]

1. c4 e6 2. g3 Nf6 3. Bg2 d5 4. Nf3 Be7 5. O-O O-O 6. d4 dxc4 7. Qc2 a6 8. a4
Bd7 9. Qxc4 Bc6 10. Bg5 Nbd7 11. Rd1 h6 12. Bxf6 1-0

[Event "Titled Tue 27th May Late"]
[Site "chess.com INT"]
[Date "2025.05.27"]
[Round "9"]
[White "Rabin, Evan"]
[Black "Brooks, Paul"]
[Result "0-1"]
[BlackTitle "CM"]
[WhiteElo "1945"]
[BlackElo "1908"]
[WhiteFideId "2028670"]
[BlackFideId "7400616"]
[EventDate "2025.05.27"]

1. e4 d5 2. exd5 Qxd5 3. Nc3 Qd6 4. d4 Nf6 5. Nf3 c6 6. Bc4 Bg4 7. O-O Bxf3 8.
Qxf3 Qxd4 9. Bb3 Qg4 10. Qe3 Nbd7 11. h3 Qb4 12. a3 Qc5 13. Qe2 e6 14. Be3 Qh5
15. Qc4 Bc5 16. g4 Qxh3 17. Bxc5 Ne5 18. f3 Nxc4 19. Bxc4 Qg3+ 20. Kh1 h5 0-1

[Event "Titled Tue 27th May Late"]
[Site "chess.com INT"]
[Date "2025.05.27"]
[Round "9"]
[White "Goltsev, Dmitry"]
[Black "Tekeyev, Zaur"]
[Result "1-0"]
[WhiteTitle "FM"]
[BlackTitle "IM"]
[WhiteElo "2183"]
[BlackElo "2417"]
[WhiteFideId "24176710"]
[BlackFideId "4199731"]
[EventDate "2025.05.27"]

1. d4 d5 2. Nc3 Nf6 3. Bf4 c5 4. e4 Nxe4 5. Nxe4 dxe4 6. dxc5 Bd7 7. Qd4 Nc6 8.
Qxe4 Qa5+ 9. c3 Qxc5 10. Nf3 g6 11. Be3 Qa5 12. Bc4 Bg7 13. O-O O-O 14. Rad1
Rad8 15. Qh4 Ne5 16. Nxe5 Qxe5 17. Bxa7 Ba4 18. Bxf7+ Kxf7 19. Qxa4 Bf6 20. Bd4
Qe2 21. Qb3+ Kg7 22. Rde1 Qa6 23. Rxe7+ 1-0

[Event "Titled Tue 27th May Late"]
[Site "chess.com INT"]
[Date "2025.05.27"]
[Round "9"]
[White "Kushko, Dmitriy"]
[Black "Tologon tegin, Semetei"]
[Result "1-0"]
[WhiteTitle "IM"]
[BlackTitle "IM"]
[WhiteElo "2454"]
[BlackElo "2313"]
[WhiteFideId "14162261"]
[BlackFideId "13800574"]
[EventDate "2025.05.27"]

1. g3 f5 2. Bg2 Nf6 3. c4 e6 4. Nf3 b6 5. Ne5 c6 6. d4 Bb7 7. Nc3 d6 8. Nd3 Be7
9. Nf4 Qd7 10. d5 cxd5 11. cxd5 e5 12. Ne6 Kf7 13. e4 fxe4 14. Nxe4 Nxe4 15.
Bxe4 g6 16. h4 Na6 17. h5 g5 18. Qf3+ Ke8 19. h6 Bd8 20. Ng7+ 1-0

[Event "Titled Tue 27th May Late"]
[Site "chess.com INT"]
[Date "2025.05.27"]
[Round "9"]
[White "Mizzi, Jack"]
[Black "Marchesich, Giovanni"]
[Result "0-1"]
[WhiteTitle "CM"]
[BlackTitle "CM"]
[WhiteElo "2086"]
[BlackElo "2219"]
[WhiteFideId "5602521"]
[BlackFideId "2824790"]
[EventDate "2025.05.27"]

1. d4 c5 2. d5 e5 3. c4 d6 4. Nc3 Be7 5. e4 Bg5 6. Nf3 Bxc1 7. Qxc1 Ne7 8. Be2
O-O 9. O-O h6 10. a3 f5 11. exf5 Bxf5 12. Qe3 Nd7 13. Bd3 Nf6 14. Bxf5 Nxf5 15.
Qd3 Qd7 16. b4 b6 17. bxc5 bxc5 18. Rab1 Rae8 19. Rfe1 Nd4 20. Nxd4 exd4 21. Ne2
Ng4 22. Rf1 Ne5 23. Qb3 Nf3+ 24. gxf3 Rxe2 25. Rbe1 Qe7 26. Rb1 Qg5+ 27. Kh1 Qf4
28. Kg2 Re5 29. Rbe1 Rg5+ 30. Kh1 Rh5 0-1

[Event "Titled Tue 27th May Late"]
[Site "chess.com INT"]
[Date "2025.05.27"]
[Round "9"]
[White "Borisov, Yuri"]
[Black "Rees, Ioan"]
[Result "0-1"]
[WhiteTitle "FM"]
[BlackTitle "FM"]
[WhiteElo "2285"]
[BlackElo "2288"]
[WhiteFideId "1503928"]
[BlackFideId "1801236"]
[EventDate "2025.05.27"]

1. e4 e5 2. f4 exf4 3. Nc3 d5 4. Nxd5 Nf6 5. Nxf6+ Qxf6 6. Nf3 Bg4 7. Bc4 Nc6 8.
c3 Ne5 9. Qa4+ c6 10. Nxe5 Qxe5 11. Qb3 Qxe4+ 12. Kf2 Bc5+ 13. d4 Bxd4+ 14. cxd4
Qxd4+ 15. Kf1 O-O-O 16. h3 Qd1+ 17. Kf2 Qxh1 18. hxg4 Qh4+ 19. Kf1 Rhe8 20. Bxf4
Qh1+ 21. Kf2 Qxa1 22. Bxf7 Qe1+ 23. Kf3 Qe2+ 24. Kg3 Rd3+ 0-1

[Event "Titled Tue 27th May Late"]
[Site "chess.com INT"]
[Date "2025.05.27"]
[Round "9"]
[White "Haussernot, Cecile"]
[Black "Gabrielian, Artur"]
[Result "0-1"]
[WhiteTitle "WIM"]
[BlackTitle "GM"]
[WhiteElo "2108"]
[BlackElo "2419"]
[WhiteFideId "601632"]
[BlackFideId "4131002"]
[EventDate "2025.05.27"]

1. e4 c5 2. Nf3 d6 3. d4 cxd4 4. Nxd4 Nf6 5. Nc3 Nc6 6. Bc4 e6 7. Be3 a6 8. g4
d5 9. exd5 exd5 10. Be2 Bb4 11. a3 Bxc3+ 12. bxc3 Ne4 13. c4 O-O 14. cxd5 Qxd5
15. Nxc6 Qxc6 16. O-O Nc3 17. Qd3 Be6 18. Bd4 Nxe2+ 19. Qxe2 Bc4 20. Qe3 Rfe8
21. Qg3 Bxf1 22. Rxf1 Qxc2 23. g5 Rad8 24. Be3 Rd1 25. Qf3 Rxf1+ 26. Kxf1 Qc6
27. Qf4 Qh1+ 28. Ke2 Rd8 29. Qa4 Qxh2 30. Qe4 Qh5+ 31. f3 Qh2+ 32. Bf2 Qc7 33.
Kf1 Qc1+ 0-1

[Event "Titled Tue 27th May Late"]
[Site "chess.com INT"]
[Date "2025.05.27"]
[Round "9"]
[White "Butti, Enrique"]
[Black "Piddubna, Bozhena"]
[Result "0-1"]
[WhiteTitle "CM"]
[BlackTitle "WFM"]
[WhiteElo "1998"]
[BlackElo "2174"]
[WhiteFideId "3700470"]
[BlackFideId "34109293"]
[EventDate "2025.05.27"]

1. c4 Nf6 2. Nc3 e6 3. Nf3 d5 4. d4 Be7 5. e3 O-O 6. b3 b6 7. Bb2 Bb7 8. Bd3
Nbd7 9. O-O c5 10. Qe2 dxc4 11. bxc4 a6 12. Rad1 Qc7 13. Ne5 Rad8 14. f4 Nb8 15.
f5 cxd4 16. exd4 Nc6 17. Nxc6 Qxc6 18. d5 Bc5+ 19. Kh1 exd5 20. Nxd5 Nxd5 21.
cxd5 Qxd5 22. Qg4 Bd4 23. Bxd4 Qxd4 24. Rf4 Qf6 25. Qg3 Rd6 0-1

[Event "Titled Tue 27th May Late"]
[Site "chess.com INT"]
[Date "2025.05.27"]
[Round "9"]
[White "Fomevor, Cephas Clinton"]
[Black "Averchenko, Sergej"]
[Result "1-0"]
[WhiteTitle "CM"]
[BlackTitle "FM"]
[WhiteElo "1883"]
[BlackElo "2164"]
[WhiteFideId "12601330"]
[BlackFideId "4131533"]
[EventDate "2025.05.27"]

1. d4 d5 2. c4 c6 3. Nc3 Nf6 4. Nf3 dxc4 5. a4 Bf5 6. e3 e6 7. Bxc4 Bb4 8. O-O
O-O 9. Ne5 Nbd7 10. f4 c5 11. Ne2 Nb6 12. Bd3 Be4 13. Qc2 Bxd3 14. Qxd3 cxd4 15.
Qxd4 Qd5 16. Qxb4 Rac8 17. Nd4 Qe4 18. Qe1 Nbd5 19. Nb5 Rfd8 20. Nxa7 Rc2 21.
Rf2 Rxf2 22. Qxf2 Ng4 23. Qf3 Qxf3 24. gxf3 Ngxe3 25. Bxe3 Nxe3 26. Rc1 f6 27.
Ng4 Rd7 28. Nxe3 1-0

[Event "Titled Tue 27th May Late"]
[Site "chess.com INT"]
[Date "2025.05.27"]
[Round "9"]
[White "Kalyani Sirin"]
[Black "Moreira, Ronaldo Alonso"]
[Result "1-0"]
[WhiteTitle "WFM"]
[WhiteElo "2136"]
[BlackElo "2097"]
[WhiteFideId "33323500"]
[BlackFideId "2110547"]
[EventDate "2025.05.27"]

1. e4 e6 2. d4 d5 3. e5 c5 4. c3 Nc6 5. Nf3 Qb6 6. Bd3 cxd4 7. O-O Bd7 8. Re1
Nge7 9. h4 Rc8 10. h5 h6 11. Nbd2 dxc3 12. bxc3 Na5 13. Rb1 Qc7 14. Qe2 a6 15.
Ba3 Nec6 16. Bxf8 Rxf8 17. c4 dxc4 18. Bxc4 b5 19. Bd3 Ke7 20. Qe3 Qa7 21. Qf4
Rfd8 22. Ne4 Nb7 23. Nh4 Be8 24. Nd6 Nxd6 25. exd6+ Kd7 26. Nf5 exf5 27. Bxf5# 1-0

[Event "Titled Tue 27th May Late"]
[Site "chess.com INT"]
[Date "2025.05.27"]
[Round "9"]
[White "Brozynski, Patryk"]
[Black "Jahnz, Laurin"]
[Result "0-1"]
[WhiteTitle "CM"]
[BlackTitle "CM"]
[WhiteElo "2219"]
[BlackElo "2233"]
[WhiteFideId "2512700"]
[BlackFideId "16261089"]
[EventDate "2025.05.27"]

1. Nf3 d5 2. e3 c6 3. b3 e6 4. Bb2 f5 5. Be2 Nf6 6. c4 Bd6 7. O-O O-O 8. d3 Nbd7
9. Nbd2 Qe7 10. cxd5 exd5 11. Rc1 Ne5 12. Nxe5 Bxe5 13. Bxe5 Qxe5 14. Nf3 Qd6
15. Qd2 a5 16. Rfd1 a4 17. Qc3 axb3 18. axb3 Be6 19. Ng5 Bf7 20. e4 fxe4 21.
dxe4 Qf4 22. Nxf7 Nxe4 23. Qg3 Nxg3 24. hxg3 Qxf7 25. Bf3 h6 26. Rd4 Ra2 27. Re1
Re8 28. Rc1 Qf6 29. Rf4 Qb2 30. Rf1 Ra1 31. Rb1 0-1

[Event "Titled Tue 27th May Late"]
[Site "chess.com INT"]
[Date "2025.05.27"]
[Round "9"]
[White "Tikhonov, Viacheslav"]
[Black "Noroozi, Omid"]
[Result "0-1"]
[WhiteTitle "CM"]
[BlackTitle "IM"]
[WhiteElo "2183"]
[BlackElo "2266"]
[WhiteFideId "44196407"]
[BlackFideId "12501190"]
[EventDate "2025.05.27"]

1. e4 c5 2. Nf3 d6 3. Nc3 Nf6 4. e5 dxe5 5. Nxe5 Nbd7 6. d4 e6 7. Bb5 a6 8.
Bxd7+ Nxd7 9. Qf3 Nxe5 10. dxe5 Be7 11. O-O O-O 12. Qg3 Kh8 13. Rd1 Qc7 14. Ne4
Bd7 15. Bg5 Bc6 16. Nf6 gxf6 17. exf6 Qxg3 18. hxg3 Bd8 19. c3 Rg8 20. f4 Rg6
21. Kf2 Bxf6 22. Bxf6+ Rxf6 23. Rh1 Kg7 24. Rad1 e5 25. Rh5 exf4 26. g4 h6 27.
Rxc5 Rg6 28. Rc4 Rxg4 29. g3 fxg3+ 0-1

[Event "Titled Tue 27th May Late"]
[Site "chess.com INT"]
[Date "2025.05.27"]
[Round "9"]
[White "Lazavik, Denis"]
[Black "Galchenko, Matvey"]
[Result "1-0"]
[WhiteTitle "GM"]
[BlackTitle "IM"]
[WhiteElo "2577"]
[BlackElo "2442"]
[WhiteFideId "13515110"]
[BlackFideId "24175480"]
[EventDate "2025.05.27"]

1. d4 Nf6 2. Nf3 c5 3. e3 d5 4. Nbd2 cxd4 5. exd4 Nc6 6. Bb5 Bf5 7. Ne5 Rc8 8.
O-O e6 9. c4 dxc4 10. Qa4 a6 11. Bxc6+ bxc6 12. Ndxc4 Be4 13. Re1 Bd5 14. Bd2
Nd7 15. Nxd7 Kxd7 16. Ba5 Qg5 17. Nb6+ Ke8 18. g3 Qg4 19. Nxd5 1-0

[Event "Titled Tue 27th May Late"]
[Site "chess.com INT"]
[Date "2025.05.27"]
[Round "9"]
[White "Clawitter, Craig"]
[Black "Kochavi, Dana"]
[Result "1-0"]
[BlackTitle "FM"]
[WhiteElo "2050"]
[BlackElo "2226"]
[WhiteFideId "2023105"]
[BlackFideId "2837137"]
[EventDate "2025.05.27"]

1. e4 c5 2. Nf3 d6 3. d4 cxd4 4. Nxd4 Nf6 5. Nc3 a6 6. f3 g6 7. Be3 Bg7 8. Qd2
h5 9. O-O-O Nc6 10. h3 Nxd4 11. Bxd4 O-O 12. g4 h4 13. Qg5 b5 14. Nd5 e5 15. Bb6
Nxe4 16. Qxd8 Rxd8 17. fxe4 Rf8 18. Bc7 Bb7 19. Bxd6 Rfd8 20. Be7 Rd7 21. Nf6+
Bxf6 22. Rxd7 Bxe4 23. Bxf6 Bxh1 24. a4 bxa4 25. Bc4 Rc8 26. Bxf7+ Kf8 27. Bxe5
Be4 28. Bd6+ Kg7 29. Bd5+ Kf6 30. Bxe4 Ke6 31. Rg7 Kxd6 32. Rxg6+ Ke5 33. Bd3
Kf4 34. Rxa6 Kg3 35. Rh6 Kxh3 36. g5 Kg3 37. g6 Rf8 38. g7 Rg8 39. Rh7 h3 40.
Bc4 Rc8 41. g8=Q+ Rxg8 42. Bxg8 h2 43. Bd5 1-0